MARC

LEADER 00000nam0a2200000 4500
001 151341
005 20231101221543.0
035 |a (RuTPU)RU\TPU\book\164085 
090 |a 151341 
100 |a 20090122d1970 km y0rusy50 ca 
101 0 |a rus 
102 |a RU 
105 |a a z 001zy 
200 1 |a Джордано Бруно и генезис классической науки  |f Б. Г. Кузнецов  |g Академия наук СССР (АН СССР), Институт истории естествознания и техники им. С. И. Вавилова (ИИЕТ АН СССР) 
210 |a Москва  |c Наука  |d 1970 
215 |a 212 с.  |c ил. 
320 |a Библиогр. в примеч.: с. 203 - 211 
600 1 |a Бруно  |b Дж.  |c итальянский философ и поэт  |f 1548-1600  |g Джордано  |2 stltpush  |3 (RuTPU)RU\TPU\pers\52  |9 35 
606 |a Космология  |x Философские проблемы  |2 stltpush  |3 (RuTPU)RU\TPU\subj\15888  |9 42091 
610 1 |a космология 
610 1 |a Италия 
610 1 |a итальянская философия 
610 1 |a классическая наука 
610 1 |a генезис 
610 1 |a принцип относительности 
610 1 |a релятивистская физика 
675 |a 524.8:1  |v 3 
700 1 |a Кузнецов  |b Б. Г.  |g Борис Григорьевич 
712 0 2 |a Академия наук СССР (АН СССР)  |b Институт истории естествознания и техники им. С. И. Вавилова (ИИЕТ АН СССР)  |c (Москва)  |2 stltpush  |3 (RuTPU)RU\TPU\col\8662 
801 1 |a RU  |b 63413507  |c 20090122  |g PSBO 
801 2 |a RU  |b 63413507  |c 20160727  |g PSBO 
942 |c BK